Svetové zasadnutie IGTA
Informácie zo svetového zasadnutia Svetovej asociácie podnikových finančníkov (IGTA) z júla 2002 v Johannesburgu a Thornybushe. Program a zápisnica zo svetového zasadnutia. Členské asociácie IGTA. Akreditačná komisia IGTA a Slovensko. Vzdelávací program IGTA. Súbor najlepších praktík v treasury mana...
Guardado en:
| Formato: | Capítulo de libro |
|---|---|
| Lenguaje: | eslovaco |
| Materias: | |
| Etiquetas: |
Sin Etiquetas, Sea el primero en etiquetar este registro!
|
MARC
| LEADER | 00000naa a2200000 4500 | ||
|---|---|---|---|
| 001 | r046342 | ||
| 005 | 20231002115924.2 | ||
| 041 | 0 | |a slo | |
| 044 | |a SK | ||
| 245 | 1 | 0 | |a Svetové zasadnutie IGTA |
| 520 | |a Informácie zo svetového zasadnutia Svetovej asociácie podnikových finančníkov (IGTA) z júla 2002 v Johannesburgu a Thornybushe. Program a zápisnica zo svetového zasadnutia. Členské asociácie IGTA. Akreditačná komisia IGTA a Slovensko. Vzdelávací program IGTA. Súbor najlepších praktík v treasury manažmente. Pravidlá pre riadenie IGTA (v anglickom jazyku). | ||
| 610 | 2 | 0 | |a združenia |
| 610 | 2 | 0 | |a manažéri |
| 610 | 2 | 0 | |a manažment finančný |
| 610 | 2 | 0 | |a manažment medzinárodný |
| 610 | 2 | 0 | |a financie podnikové |
| 610 | 2 | 0 | |a IGTA |
| 610 | 2 | 0 | |a svet |
| 610 | 2 | 0 | |a Slovensko |